Poruchové nemocničné výťahy mieria do dôchodku vymenia a opravia ich ešte tento rok

Bibliographic Details
Main Author: Marcinová, Daniela (Author)
Format: Article
Language:Slovak
PhysicalDescription:Fotografie
ISSN:1336-5320
Subjects:
Online Access:https://kosice.korzar.sme.sk/c/22102624/kosicka-univerzitna-nemocnica-bude-mat-bezpecnejsie-vytahy.html

MARC

LEADER 00000nab a2200000u 4500
001 vtls011863676
003 SK-MaSNL
005 20260303210805.0
008 190430|2019 xo ||||||| ||00 ||slo|
038 |a KEVKJB 
040 |a KEVKJB  |b slo  |e rda 
041 0 |a slo 
043 |a e-xo--- 
044 |a xo  |c SK 
072 7 |a 621  |x Strojárstvo  |2 konspekt 
080 |a 621.876  |2 2011 
100 1 |a Marcinová, Daniela  |4 aut  |9 1087227 
245 1 0 |a Poruchové nemocničné výťahy mieria do dôchodku  |b vymenia a opravia ich ešte tento rok  |c Daniela Marcinová 
300 |b Fotografie 
336 |a text  |b txt  |2 rdacontent 
337 |a bez média  |b n  |2 rdamedia 
338 |a zväzok  |b nc  |2 rdacarrier 
610 2 7 |a Univerzitná nemocnica L. Pasteura Košice  |2 kevkjb  |9 155401 
650 0 7 |a výťahy  |2 kevkjb  |9 2778 
650 0 7 |a nemocnice  |2 kevkjb  |9 3008 
651 7 |a Košice (Slovensko)  |2 kevkjb  |9 18694 
773 0 |t Košický večer  |g Roč. 52, č. 17 (2019), s. 4  |x 1336-5320 
852 |a KEVKJB  |b KIS3GCP 
856 4 1 |u https://kosice.korzar.sme.sk/c/22102624/kosicka-univerzitna-nemocnica-bude-mat-bezpecnejsie-vytahy.html 
999 |c 2201735  |d 2203665